Blissful experience, bhakti : (Record no. 66933)

MARC details
000 -LEADER
fixed length control field 01098nam a22003137a 4500
005 - DATE AND TIME OF LATEST TRANSACTION
control field 20130403120935.0
010 ## - LCCN (DPL NO)
LC control number ENG-105363
020 ## - INTERNATIONAL STANDARD BOOK NUMBER
International Standard Book Number 9788124606148
Terms of availability 480.00
020 ## - INTERNATIONAL STANDARD BOOK NUMBER
International Standard Book Number 8124606145
Terms of availability 480.00
035 ## - SYSTEM CONTROL NUMBER
System control number EN-88896
035 ## - SYSTEM CONTROL NUMBER
System control number B-489954
037 ## - SOURCE OF ACQUISITION
Source of stock number/acquisition DBAD/PUB
037 ## - SOURCE OF ACQUISITION
Source of stock number/acquisition BSB/Ven
082 ## - DEWEY DECIMAL CLASSIFICATION NUMBER
Classification number 181.49
100 ## - MAIN ENTRY--PERSONAL NAME
Personal name Sribhashyam, T. K.
245 ## - TITLE STATEMENT
Title Blissful experience, bhakti :
Statement of responsibility, etc by T.K. Sribhashyam [and] Alamelu Sheshadri
Remainder of title quintessence of Indian philosophy /
246 ## - VARYING FORM OF TITLE
Title proper/short title Bhakti
260 ## - PUBLICATION, DISTRIBUTION, ETC. (IMPRINT)
Place of publication, distribution, etc New Delhi
Name of publisher, distributor, etc D.K. Printworld
Date of publication, distribution, etc 2012
270 ## - ADDRESS
Address 'Srikunj', F-52, Bali Nagar, Ramesh Nagar Metro Station
City New Delhi
Postal code 110015
300 ## - PHYSICAL DESCRIPTION
Extent xxiv, 335 p. :
Dimensions 23cm(pbk)
Other physical details ill.
500 ## - GENERAL NOTE
General note Includes bibliographical references (p. [320]-325) and index.
600 ## - SUBJECT ADDED ENTRY--PERSONAL NAME
Personal name Rāmānuja
Dates associated with a name 1017-1137
650 ## - SUBJECT ADDED ENTRY--TOPICAL TERM
Topical term or geographic name as entry element Yoga, Bhakti
650 ## - SUBJECT ADDED ENTRY--TOPICAL TERM
Topical term or geographic name as entry element Viśiṣṭādvaita.
650 ## - SUBJECT ADDED ENTRY--TOPICAL TERM
Topical term or geographic name as entry element Hindu philosophy.
700 ## - ADDED ENTRY--PERSONAL NAME
Personal name Sheshadri, Alamelu
9 (RLIN) 47529
942 ## - ADDED ENTRY ELEMENTS (KOHA)
Source of classification or shelving scheme Dewey Decimal Classification
Item type English Books
Call number suffix SRI
Classification part 181.49
Holdings
Withdrawn status Lost status Not for loan Collection code Home library Current library Date acquired Source of acquisition Cost, normal purchase price Full call number Barcode Copy number Cost, replacement price Koha item type
    Not For Loan Non-fiction D.B.Act.Division D.B.Act.Division 21/05/2012 DBAD/PUB 480.00 181.49 SRI EN-88896 1 480.00 English Books
      Non-fiction Sarojini Nagar Sarojini Nagar 03/04/2013 BSB/615/01.01.2013/115/18.12.2012/08.01.2013 480.00 181.49 SRI B-489954 1 480.00 English Books

© Delhi Public Library
Hit Counter
free hit counter